| 000 | 00722nam a22001817a 4500 | ||
|---|---|---|---|
| 999 |
_c371615 _d371615 |
||
| 008 | 201127b ||||| |||| 00| 0 eng d | ||
| 040 |
_aDE-2950 _bger _cDE-2950 _erda |
||
| 041 | _ager | ||
| 245 |
_aRückkehr im Tutu auf die Bühne. _bBallettunterricht: Nach den Einschränkungen während der Corona-Pause startet die Tanzschule von Ulrika Lang in Frankfurt nun wieder voll durch / _cInes Weber-Rath |
||
| 264 | _c2022 | ||
| 653 | _aFrankfurt (Oder) | ||
| 653 | _aTanzschule | ||
| 773 |
_dFrankfurt (Oder) Märkisches Verlags- und Druckhaus GmbH & Co KG _tMärkische Oderzeitung _g33. Jahrgang (2022) Nr. 111 vom 13.05.2022, S. 15 |
||
| 942 | _cA | ||